| 000 | 00532nam a2200193Ia 4500 | ||
|---|---|---|---|
| 005 | 20250326141222.0 | ||
| 008 | 250326s9999 xx 000 0 und d | ||
| 020 | _a0-471-58009-0 | ||
| 037 | _aTextbook | ||
| 040 |
_aFMSL _beng _cFMSL |
||
| 041 |
_aeng _2eng |
||
| 084 |
_aX:74 N3 _qFMSL |
||
| 100 |
_aBleeke J _9743966 |
||
| 245 | 0 |
_aCollaborating to compete _cBleeke J; Ernst D |
|
| 260 |
_aNew York _bNew York, John Wiley & Sons. _c1993 |
||
| 300 | _aXX,302 | ||
| 942 |
_cTB _hX:74 N3 |
||
| 999 |
_c1289282 _d1289282 |
||